000 00291nam a2200133Ia 4500
100 _aO''''Brien/ J.A.
942 _cBK
654 _amanagement
245 _aManagement information systems
260 _bGalgotia
_aNew Delhi
_c1994
082 _a5.7406
300 _a670
546 _aENGLISH
999 _c34176
_d34176